LEADER 04071 am 2200685 n 450 001 9910309851703321 005 20181102 010 $a979-1-03-510194-7 024 7 $a10.4000/books.psorbonne.12689 035 $a(CKB)4100000007598719 035 $a(FrMaCLE)OB-psorbonne-12689 035 $a(oapen)https://directory.doabooks.org/handle/20.500.12854/45613 035 $a(PPN)267968841 035 $a(EXLCZ)994100000007598719 100 $a20190201j|||||||| ||| 0 101 0 $afre 135 $auu||||||m|||| 181 $ctxt$2rdacontent 182 $cc$2rdamedia 183 $acr$2rdacarrier 200 10$aD?une réforme à l?autre (816-934) $eLes communautés religieuses en Lorraine à l?époque carolingienne /$fMichèle Gaillard 210 $aParis $cÉditions de la Sorbonne$d2018 215 $a1 online resource (476 p.) 311 $a2-85944-540-4 330 $aLes dates de deux réformes monastiques, 816 et 934, encadrent le propos de ce livre. Entre ces deux dates, l?empire carolingien a changé de visage, la région étudiée est passée du statut de c?ur d?un empire à celui de région disputée entre les deux principales entité politiques, la Francie de l?Est et la Francie de l?Ouest, avec pour arbitres les grandes familles aristocratiques qui étendent leurs emprises sur les sièges épiscopaux et les communautés religieuses. Dans leur processus et leurs motivations, les deux réformes de 816 et de 934 se ressemblent peu. La première, initiée par l?empereur Louis le Pieux et son conseiller Benoît d?Aniane, doit s?appliquer à tous les monastères de l?Empire carolingien. Elle est guidée par un souci d?uniformisation et d?efficacité de la prière des moines. La seconde, appuyée par l?évêque de Metz Adalbéron Ier, grand aristocrate lotharingien, est menée à l?initiative de clercs et de moines pieux des diocèses de Metz, Toul et Verdun, regroupés dans l?ancien monastère de Gorze sous la direction d?Einold et de Jean de Vandières. Cependant, à l?origine des deux réformes s?exprime la même volonté de restaurer la vie monastique par l?observance de la règle de Saint Benoit de Nursie et la remise en ordre du temporel monastique. Le présent ouvrage est né d?une interrogation sur la notion de réforme, en particulier dans le milieu monastique, et sur son corollaire, la notion de décadence, amplement invoquée par les réformateurs. Par-delà l?histoire de la réforme monastique en Lorraine carolingienne, l?ouvrage met en évidence la façon dont les communautés religieuses ont construit leur patrimoine et leur histoire, les relations étroites de ces communautés avec le pouvoir, royal, aristocratique ou épiscopal, ainsi que la façon dont ces communautés ont exercé leur fonction essentielle, celle de la prière et de la mémoire. 606 $aHistory 606 $aMedieval & Renaissance Studies 606 $aréforme monastique 606 $aFrancie de l'Est 606 $aépoque carolingienne 606 $aFrancie de l'Ouest 606 $acommunauté religieuse 606 $aaristocratie 606 $atemporel monastique 606 $aLorraine 610 $aaristocratie 610 $aépoque carolingienne 610 $aFrancie de l'Est 610 $aFrancie de l'Ouest 610 $atemporel monastique 610 $aréforme monastique 610 $acommunauté religieuse 610 $aLorraine 615 4$aHistory 615 4$aMedieval & Renaissance Studies 615 4$aréforme monastique 615 4$aFrancie de l'Est 615 4$aépoque carolingienne 615 4$aFrancie de l'Ouest 615 4$acommunauté religieuse 615 4$aaristocratie 615 4$atemporel monastique 615 4$aLorraine 700 $aGaillard$b Michèle$0732844 701 $aParisse$b Michel$0192728 801 0$bFR-FrMaCLE 906 $aBOOK 912 $a9910309851703321 996 $aD?une réforme à l?autre (816-934)$93023243 997 $aUNINA LEADER 03034nam 2200661 a 450 001 9910789646003321 005 20230725032242.0 010 $a1-283-28053-1 010 $a9786613280534 010 $a90-272-8508-X 035 $a(CKB)2670000000113615 035 $a(EBL)765220 035 $a(OCoLC)748242126 035 $a(SSID)ssj0000541631 035 $a(PQKBManifestationID)12143245 035 $a(PQKBTitleCode)TC0000541631 035 $a(PQKBWorkID)10499072 035 $a(PQKB)11549875 035 $a(MiAaPQ)EBC765220 035 $a(Au-PeEL)EBL765220 035 $a(CaPaEBR)ebr10495893 035 $a(CaONFJC)MIL328053 035 $a(EXLCZ)992670000000113615 100 $a20110504d2011 uy 0 101 0 $aeng 135 $aur|n|---||||| 181 $ctxt 182 $cc 183 $acr 200 10$aStructural nativization in Indian English lexicogrammar$b[electronic resource] /$fMarco Schilk 210 $aAmsterdam ;$aPhiladelphia $cJohn Benjamins Pub. Co.$d2011 215 $a1 online resource (196 p.) 225 1 $aStudies in corpus linguistics (SCL),$x1388-0373 ;$vv. 46 300 $aDescription based upon print version of record. 311 $a90-272-0351-2 320 $aIncludes bibliographical references and index. 327 $aStructural Nativization in Indian English Lexicogrammar; Editorial page; Title page; LCC data; Dedication; Table of contents; Acknowledgements; 1. Introduction and overview; 2. Aspects of structural nativization; 3. Aspects of lexicogrammar; 4. Methodology; 5. GIVE; 6. SEND; 7. OFFER; 8. Evaluation and discussion; 9. Conclusion and prospects for future research; References; Index 330 $aThis book contains the first in-depth corpus-based description of structural nativization at the lexis-grammar interface in Indian English, the largest institutionalized second-language variety of English world-wide. For a set of three ditransitive verbs give, send and offer -collocational patterns, verb-complementational preferences and correlations between collocational and verb-complementational routines are described. The present study is based on the comparison of the Indian and the British components of the International Corpus of English as well as a 100-million-wor 410 0$aStudies in corpus linguistics ;$vv. 46. 606 $aEnglish language$zIndia$xGrammar 606 $aEnglish language$zIndia$xUsage 606 $aLexicology 606 $aGrammaticality (Linguistics) 606 $aLinguistic analysis (Linguistics) 615 0$aEnglish language$xGrammar. 615 0$aEnglish language$xUsage. 615 0$aLexicology. 615 0$aGrammaticality (Linguistics) 615 0$aLinguistic analysis (Linguistics) 676 $a427/.954 700 $aSchilk$b Marco$0611559 801 0$bMiAaPQ 801 1$bMiAaPQ 801 2$bMiAaPQ 906 $aBOOK 912 $a9910789646003321 996 $aStructural nativization in Indian English lexicogrammar$91136807 997 $aUNINA